000 00768nam a22002177a 4500
005 2012091306286.0
008 120913t xxu||||| |||| 00| 0 eng d
010 _aENG-105867
020 _a9789380920023
_c300.00
035 _aEN-89400
037 _bDBAD/PUB
040 _aDPL
_bEnglish
082 _a523.88
100 _aRohit
_952277
245 _aBiggest stars /
_cby Rohit
260 _aNew Delhi
_bSun Shine Books
_c2012
270 _a4760-61, IInd Floor, 23, Ansari Road, Daryaganj
_bNew Delhi
_e110002
300 _a152p. :
_bill.
_c23cm(Hb)
942 _2ddc
_cEN
_mROH
_h523.88
999 _c69983
_d69983